000 00334nam a2200121Ia 4500
008 240624s9999 xx 000 0 und d
041 _aeng
082 _a332.6 BOL
100 _aBOLTON ANTHONY
245 _aINVESTING AGAINST THE TIDE LESSONS FROM
260 _c2010
_aNew Delhi
_bFT Prentice Hall
300 _axvi, : 220 : p. : cm. ; 21
999 _c21531
_d21531